| 000 | 00802nam a2200253 a 4500 | ||
|---|---|---|---|
| 001 | BRCA_7612 | ||
| 005 | 20190320205918.0 | ||
| 008 | 060713s1930----sz-a######---#000-0#fre-# | ||
| 041 | _afre | ||
| 044 | _asz | ||
| 050 | 4 |
_aNK2345 _b.M87 1930 |
|
| 245 | 1 | 0 |
_aMusee d´art et d´histoire Geneve _bmeubles de styles gothique et renaissance _cintroduction par W. Deonna. |
| 260 |
_aBasel, Suiza _bE. Birkhauser _cc1930 |
||
| 300 |
_a4 p. _bil., 26 láminas _c18 cm. |
||
| 440 | 0 |
_aDie historischen museen der Schweiz _vheft 7 _918767 |
|
| 500 | _aLa biblioteca cuenta con el v.1 | ||
| 500 | _aT16 | ||
| 650 | 1 | 4 |
_aMuebles góticos _99624 |
| 650 | 1 | 4 |
_aMuebles renacentistas _97835 |
| 650 | 1 | 4 |
_aGalerías y museos _zSuiza _910728 |
| 700 | 1 |
_aDeonna, W. _eintr. _918768 |
|
| 902 | _aGFM | ||
| 942 |
_2lcc _cB |
||
| 999 |
_c7286 _d7286 |
||